[Event "RUS-chT Rapid"]
[Site "Sochi"]
[Date "2023.10.18"]
[Round "4.27"]
[White "Drygalov, Sergey"]
[Black "Pershin, Denis"]
[Result "1-0"]
[WhiteElo "2547"]
[BlackElo "2358"]
[PlyCount "54"]
[EventDate "2023.10.18"]
[EventType "team-swiss (rapid)"]
[EventRounds "9"]
[EventCountry "RUS"]
[SourceTitle "Mega2024 Update 01"]
[Source "Chessbase"]
[SourceDate "2023.11.12"]
[SourceVersion "1"]
[SourceVersionDate "2023.11.12"]
[SourceQuality "1"]
[WhiteTeam "Krasnoyarsk Region Enisey"]
[BlackTeam "St Petersburg SShOR II"]
[WhiteTeamCountry "RUS"]
[BlackTeamCountry "RUS"]

1. d4 Nf6 2. c4 e6 3. Nf3 d5 4. Nc3 c6 5. e3 Nbd7 6. Qc2 Bd6 7. Bd3 0-0 8. 0-0 dxc4 9. Bxc4 b5 10. Be2 a6 11. e4 e5 12. Rd1 Qc7 13. h3 Re8 14. a3 Bb7 15. dxe5 Nxe5 16. Nd4 Ng6 17. Nf5 Be5 18. Bf3 Nf4 19. Be3 Ne6 20. b3 Rad8 21. b4 g6 22. Nh6+ Kg7 23. Ng4 Nxg4 24. Bxg4 Nd4 25. Bxd4 Bxd4 26. Ne2 Bb6 27. Qc3+ Qe5 1-0

[Event "RUS-chT Blitz"]
[Site "Sochi"]
[Date "2023.10.17"]
[Round "10.19"]
[White "Kukhmazov, Arsen"]
[Black "Pershin, Denis"]
[Result "1/2-1/2"]
[WhiteElo "2498"]
[BlackElo "2358"]
[PlyCount "82"]
[EventDate "2023.10.17"]
[EventType "team-swiss (blitz)"]
[EventRounds "13"]
[EventCountry "RUS"]
[SourceTitle "Mega2024 Update 01"]
[Source "Chessbase"]
[SourceDate "2023.11.12"]
[SourceVersion "1"]
[SourceVersionDate "2023.11.12"]
[SourceQuality "1"]
[WhiteTeam "Vologodsk Region"]
[BlackTeam "St Petersburg SShOR II"]
[WhiteTeamCountry "RUS"]
[BlackTeamCountry "RUS"]

1. d4 Nf6 2. c4 e6 3. Nf3 d5 4. g3 Nbd7 5. Nbd2 c5 6. cxd5 exd5 7. Bg2 Bd6 8. 0-0 0-0 9. Nb1 cxd4 10. Nxd4 Nc5 11. Nc3 Be5 12. Bg5 Ne6 13. Be3 Ng4 14. Nxe6 Bxe6 15. Bc5 Re8 16. h3 Nf6 17. Bd4 Bxd4 18. Qxd4 Qa5 19. Rfd1 Rad8 20. b4 Qa6 21. e4 Rc8 22. exd5 Bd7 23. a3 h6 24. d6 Red8 25. Bf1 Qc6 26. Nb5 Ra8 27. Rac1 Qf3 28. Bg2 Qh5 29. g4 Qxb5 30. Rc7 Bc6 31. Bxc6 bxc6 32. d7 Qb6 33. Qxb6 axb6 34. Rd6 Rxa3 35. Kg2 c5 36. bxc5 Nxd7 37. c6 Raa8 38. cxd7 Rab8 39. Rc3 b5 40. Rb3 Rb7 41. Kf3 Rbxd7 1/2-1/2

[Event "RUS-ch Rapid"]
[Site "Sochi"]
[Date "2023.10.15"]
[Round "4"]
[White "Ponkratov, Pavel"]
[Black "Pershin, Denis"]
[Result "1/2-1/2"]
[WhiteElo "2595"]
[BlackElo "2358"]
[PlyCount "110"]
[EventDate "2023.10.15"]
[EventType "swiss (rapid)"]
[EventRounds "11"]
[EventCountry "RUS"]
[SourceTitle "Mega2024 Update 01"]
[Source "Chessbase"]
[SourceDate "2023.11.12"]
[SourceVersion "1"]
[SourceVersionDate "2023.11.12"]
[SourceQuality "1"]

1. e4 c6 2. d4 d5 3. e5 Bf5 4. Nd2 e6 5. Nb3 Nd7 6. Be2 Rc8 7. f4 a6 8. Nf3 c5 9. dxc5 Nxc5 10. Nfd4 Nxb3 11. axb3 Be4 12. 0-0 Bc5 13. c3 Ne7 14. b4 Bxd4+ 15. Qxd4 Nf5 16. Qf2 h5 17. b5 axb5 18. Bxb5+ Kf8 19. Rd1 Rh6 20. Ra4 Qe7 21. Rxe4 dxe4 22. Rd7 Qe8 23. Rc7 Rxc7 24. Bxe8 Kxe8 25. Qe2 Rd7 26. Kf2 e3+ 27. Bxe3 Nxe3 28. Kxe3 Rh8 29. Qc4 Kd8 30. b4 Rc7 31. Qb3 Ke7 32. c4 Rhc8 33. Kd3 Rd8+ 34. Ke4 b6 35. Qa2 Rdc8 36. Kd4 Kd7 37. Qa4+ Rc6 38. Kc3 Kd8 39. Qa6 Kd7 40. Qa4 g6 41. Kb3 Kd8 42. Qb5 R8c7 43. Qa6 Kd7 44. Kc3 Rxc4+ 45. Qxc4 Rxc4+ 46. Kxc4 Kc6 47. b5+ Kd7 48. Kd4 Ke7 49. Ke4 Kf8 50. Kf3 Kg7 51. Kg3 f6 52. Kh4 fxe5 53. fxe5 Kh6 54. g4 g5+ 55. Kg3 h4+ 1/2-1/2

[Event "RUS-chT 30th"]
[Site "Sochi"]
[Date "2023.05.07"]
[Round "6.4"]
[White "Pershin, Denis"]
[Black "Zverev, Lev"]
[Result "0-1"]
[WhiteElo "2366"]
[BlackElo "2301"]
[PlyCount "78"]
[EventDate "2023.05.01"]
[EventType "team-tourn"]
[EventRounds "9"]
[EventCountry "RUS"]
[SourceTitle "CBM 214 Extra"]
[Source "ChessBase"]
[SourceDate "2023.07.31"]
[SourceVersion "1"]
[SourceVersionDate "2023.07.31"]
[SourceQuality "1"]
[WhiteTeam "St Petersburg SSHOR"]
[BlackTeam "Moscow Botvinnik School"]
[WhiteTeamCountry "RUS"]
[BlackTeamCountry "RUS"]

1. d4 Nf6 2. c4 e6 3. Nf3 d5 4. g3 Bb4+ 5. Bd2 a5 6. Qc2 0-0 7. Bg2 c6 8. 0-0 Be7 9. Bf4 Nbd7 10. Nbd2 Nh5 11. Be3 b6 12. g4 Nhf6 13. h3 Ba6 14. Bf4 Rc8 15. Rfc1 c5 16. dxc5 Bxc5 17. Qb3 dxc4 18. Nxc4 Nd5 19. Bg3 Qe7 20. Ne1 Bb4 21. Ne3 Rxc1 22. Rxc1 Nc5 23. Nxd5 exd5 24. Qc2 Ne4 25. Bxe4 dxe4 26. Ng2 Bc5 27. Ne3 h5 28. Nf5 Qe6 29. Qd2 e3 30. Nxe3 Bb7 31. Rxc5 bxc5 32. gxh5 Qxh3 33. Bh2 Qxh5 34. Qxa5 Qxe2 35. Bd6 Re8 36. Bxc5 Qxb2 37. Bb4 Qb1+ 38. Kh2 Qh1+ 39. Kg3 Qf3+ 0-1

[Event "Cheliabinsk Lozovatsky Memorial-A"]
[Site "Cheliabinsk"]
[Date "2023.02.04"]
[Round "9"]
[White "Pershin, Denis"]
[Black "Khudyakov, Stanislav"]
[Result "1/2-1/2"]
[WhiteElo "2388"]
[BlackElo "2227"]
[PlyCount "49"]
[EventDate "2023.01.27"]
[EventType "swiss"]
[EventRounds "10"]
[EventCountry "RUS"]
[SourceTitle "CBM 212 Extra"]
[Source "ChessBase"]
[SourceDate "2023.03.31"]
[SourceVersion "1"]
[SourceVersionDate "2023.03.31"]
[SourceQuality "1"]

1. e4 c5 2. Nf3 Nc6 3. Bb5 e5 4. 0-0 Bd6 5. d4 Nxd4 6. Bc4 h6 7. Nxd4 cxd4 8. c3 Bc5 9. f4 d5 10. exd5 d3+ 11. Kh1 e4 12. Re1 f5 13. Qxd3 Nf6 14. Qg3 Ng4 15. Re2 Qb6 16. h3 Bf2 17. Rxf2 Qxf2 18. Qxf2 Nxf2+ 19. Kg1 Nd3 20. Bxd3 exd3 21. c4 Kf7 22. Be3 b6 23. Nd2 Ba6 24. Nf3 Rhe8 25. Ne5+ 1/2-1/2

[Event "Cheliabinsk Lozovatsky Memorial-A"]
[Site "Cheliabinsk"]
[Date "2023.02.02"]
[Round "7"]
[White "Pershin, Denis"]
[Black "Gurvich, Vitaly"]
[Result "1-0"]
[WhiteElo "2388"]
[BlackElo "2278"]
[PlyCount "61"]
[EventDate "2023.01.27"]
[EventType "swiss"]
[EventRounds "10"]
[EventCountry "RUS"]
[SourceTitle "CBM 212 Extra"]
[Source "ChessBase"]
[SourceDate "2023.03.31"]
[SourceVersion "1"]
[SourceVersionDate "2023.03.31"]
[SourceQuality "1"]

1. c4 g6 2. d4 Nf6 3. Nc3 d5 4. cxd5 Nxd5 5. e4 Nxc3 6. bxc3 Bg7 7. Bc4 c5 8. Ne2 0-0 9. Be3 Nc6 10. Qd2 Qa5 11. Rd1 Rd8 12. 0-0 b5 13. Bd5 Bb7 14. Bh6 cxd4 15. Bxg7 Kxg7 16. Qf4 e6 17. Bxc6 Bxc6 18. Nxd4 Be8 19. Rd3 Rd7 20. g4 Qc7 21. e5 Rd5 22. Re1 Qe7 23. Rh3 h5 24. gxh5 g5 25. Rg3 Kh6 26. Qe4 Rad8 27. h4 b4 28. Rxg5 bxc3 29. Rg8 f5 30. exf6 Qxf6 31. Nxe6 1-0

[Event "Cheliabinsk Lozovatsky Memorial-A"]
[Site "Cheliabinsk"]
[Date "2023.01.30"]
[Round "4"]
[White "Orozbaev, Eldiar"]
[Black "Pershin, Denis"]
[Result "1/2-1/2"]
[WhiteElo "2266"]
[BlackElo "2388"]
[PlyCount "129"]
[EventDate "2023.01.27"]
[EventType "swiss"]
[EventRounds "10"]
[EventCountry "RUS"]
[SourceTitle "CBM 212 Extra"]
[Source "ChessBase"]
[SourceDate "2023.03.31"]
[SourceVersion "1"]
[SourceVersionDate "2023.03.31"]
[SourceQuality "1"]

1. e4 c5 2. Nc3 Nc6 3. g3 g6 4. Bg2 Bg7 5. d3 Rb8 6. Be3 d6 7. Qd2 b5 8. f4 b4 9. Nd1 Qc7 10. Nf3 Nf6 11. h3 a5 12. 0-0 Nd7 13. c4 bxc3 14. bxc3 Ba6 15. Nf2 a4 16. Rae1 Qa5 17. e5 0-0 18. Ng5 Rbc8 19. Nxf7 Kxf7 20. e6+ Kxe6 21. Bd4+ Nde5 22. Be3 Kd7 23. fxe5 Bxe5 24. Ne4 Rb8 25. Bf2 Qb5 26. Qe2 Kc7 27. Nxc5 Bc8 28. Ne4 Qb2 29. Qxb2 Rxb2 30. Bb6+ Kxb6 31. Rxf8 Bf5 32. d4 Bxe4 33. Rxe4 Bxg3 34. d5 Na5 35. Rxa4 Rc2 36. Rf1 Kb5 37. Rb4+ Kc5 38. Rfb1 Rxa2 39. Re4 Be5 40. Rb8 Ra1+ 41. Kf2 Ra2+ 42. Re2 Rxe2+ 43. Kxe2 Bxc3 44. Kd3 Be1 45. Re8 Bh4 46. Rb8 Be1 47. Be4 h6 48. Rc8+ Kb6 49. Rh8 h5 50. Bxg6 h4 51. Re8 Nb7 52. Rxe7 Nc5+ 53. Kc4 Bg3 54. Be8 Bf2 55. Bc6 Bg3 56. Kd4 Bf2+ 57. Kc4 Bg3 58. Rf7 Ka6 59. Bd7 Kb6 60. Bc8 Be5 61. Rh7 Bg3 62. Re7 Be5 63. Rf7 Bg3 64. Kd4 Be5+ 65. Kc4 1/2-1/2

[Event "Titled Tuesday intern op 17th Jan Late"]
[Site "Chess.com INT"]
[Date "2023.01.17"]
[Round "4"]
[White "Lopez Gracia, Fernando"]
[Black "Pershin, Denis"]
[Result "0-1"]
[WhiteElo "2259"]
[BlackElo "2388"]
[PlyCount "64"]
[EventDate "2023.01.17"]
[EventType "swiss (blitz)"]
[EventRounds "11"]
[EventCountry "USA"]
[SourceTitle "CBM 212 Extra"]
[Source "ChessBase"]
[SourceDate "2023.03.31"]
[SourceVersion "1"]
[SourceVersionDate "2023.03.31"]
[SourceQuality "1"]

1. c4 c5 2. Nf3 Nc6 3. d4 cxd4 4. Nxd4 Nf6 5. Nc3 e6 6. Nc2 Bc5 7. e3 0-0 8. Be2 b6 9. 0-0 Bb7 10. Bf3 Qe7 11. b3 Rfd8 12. Bb2 d5 13. cxd5 Ne5 14. e4 Ba6 15. Be2 Bb7 16. Bf3 exd5 17. Nxd5 Nxf3+ 18. Qxf3 Nxd5 19. exd5 Bxd5 20. Qg3 f6 21. Rfe1 Qf7 22. Ne3 Be6 23. Rad1 Bb4 24. Rxd8+ Rxd8 25. Rd1 Rxd1+ 26. Nxd1 Qd7 27. Ne3 Bd6 28. Qh4 Bc5 29. h3 Qd2 30. Nc4 Qe1+ 31. Kh2 Bxf2 32. Qf4 Qg1# 0-1

[Event "Titled Tuesday intern op 17th Jan Late"]
[Site "Chess.com INT"]
[Date "2023.01.17"]
[Round "3"]
[White "Sanchez, Roberto Daniel"]
[Black "Pershin, Denis"]
[Result "0-1"]
[WhiteElo "1971"]
[BlackElo "2388"]
[PlyCount "76"]
[EventDate "2023.01.17"]
[EventType "swiss (blitz)"]
[EventRounds "11"]
[EventCountry "USA"]
[SourceTitle "CBM 212 Extra"]
[Source "ChessBase"]
[SourceDate "2023.03.31"]
[SourceVersion "1"]
[SourceVersionDate "2023.03.31"]
[SourceQuality "1"]

1. e4 c5 2. Nf3 e6 3. d4 cxd4 4. Nxd4 Nf6 5. Nc3 d6 6. Bd3 Nc6 7. Nxc6 bxc6 8. 0-0 Be7 9. Be3 e5 10. h3 0-0 11. f4 exf4 12. Bxf4 Be6 13. Rb1 Nd7 14. Kh1 Ne5 15. Bxe5 dxe5 16. Qe2 Rb8 17. Bc4 Bxc4 18. Qxc4 Qd4 19. Qxc6 Bb4 20. Nd5 Bd2 21. c3 Qd3 22. Rbd1 Rxb2 23. Rf3 Qe2 24. Rdf1 Bf4 25. Nxf4 exf4 26. Rg1 Qd2 27. e5 Rb6 28. Qe4 g5 29. Qf5 h6 30. Rd3 Qc2 31. Rgd1 Rb2 32. Qg4 Re8 33. h4 Rxe5 34. Rd8+ Kg7 35. R8d3 Qe2 36. Qh3 Re3 37. Rxe3 Qxd1+ 38. Kh2 fxe3 0-1

[Event "Titled Tuesday intern op 27th Dec Late"]
[Site "Chess.com INT"]
[Date "2022.12.27"]
[Round "9"]
[White "Pershin, Denis"]
[Black "Baskakov, Egor"]
[Result "0-1"]
[WhiteElo "2388"]
[BlackElo "2215"]
[PlyCount "82"]
[EventDate "2022.12.27"]
[EventType "swiss (blitz)"]
[EventRounds "11"]
[EventCountry "USA"]
[SourceTitle "EXT 2024"]
[Source "ChessBase"]
[SourceDate "2023.10.10"]
[SourceVersion "1"]
[SourceVersionDate "2023.10.10"]
[SourceQuality "1"]

1. e4 c5 2. Nf3 Nf6 3. e5 Nd5 4. Nc3 e6 5. Nxd5 exd5 6. d4 Nc6 7. dxc5 Bxc5 8. Qxd5 d6 9. Bd3 Qa5+ 10. Kf1 Be6 11. Qe4 dxe5 12. Nxe5 Nxe5 13. Qxe5 0-0 14. b4 Bxb4 15. Qe4 g6 16. Bb2 Bc3 17. Bxc3 Qxc3 18. Qe1 Qc6 19. h4 Bd5 20. f3 h5 21. Qe5 Rfe8 22. Qg5 Rad8 23. Rh3 Bc4 24. f4 Rd5 25. Qg3 Bxd3+ 26. cxd3 Qc3 27. Rd1 Qc2 28. Qf3 Qxa2 29. Rg3 Qb3 30. Kg1 Rf5 31. Rc1 Qb4 32. Rc4 Re1+ 33. Kh2 Qe7 34. Rg5 Rxg5 35. hxg5 Qd7 36. Qf2 Re8 37. Qxa7 Qxd3 38. Rd4 Qe3 39. Qa4 h4 40. Qc4 Qg3+ 41. Kg1 Re1+ 0-1

[Event "Titled Tuesday intern op 27th Dec Late"]
[Site "Chess.com INT"]
[Date "2022.12.27"]
[Round "2"]
[White "Pershin, Denis"]
[Black "Gerbelli Neto, Eduardo"]
[Result "1/2-1/2"]
[WhiteElo "2388"]
[BlackElo "2114"]
[PlyCount "130"]
[EventDate "2022.12.27"]
[EventType "swiss (blitz)"]
[EventRounds "11"]
[EventCountry "USA"]
[SourceTitle "EXT 2024"]
[Source "ChessBase"]
[SourceDate "2023.10.10"]
[SourceVersion "1"]
[SourceVersionDate "2023.10.10"]
[SourceQuality "1"]

1. e4 e5 2. Nf3 Nc6 3. Bc4 Nf6 4. d3 Bc5 5. h3 d6 6. c3 a5 7. a4 0-0 8. 0-0 Be6 9. Nbd2 Qe7 10. Qb3 Rab8 11. Rd1 h6 12. Nf1 Rfd8 13. Ne3 Bxc4 14. Qxc4 Bb6 15. Qb3 Bxe3 16. Bxe3 b6 17. Qc4 Qd7 18. b4 axb4 19. cxb4 d5 20. exd5 Qxd5 21. b5 Qxc4 22. dxc4 e4 23. Nd4 Nxd4 24. Bxd4 Nd7 25. Be3 Ne5 26. c5 Nd3 27. cxb6 cxb6 28. Ra2 Rd5 29. Rc2 f5 30. Rc6 Ra8 31. Ra1 Rxb5 32. Rxb6 Rba5 33. Rab1 Rxa4 34. Rb7 Ra1 35. Rxa1 Rxa1+ 36. Kh2 Ra2 37. Bd4 g5 38. Rg7+ Kf8 39. Rg6 Nxf2 40. Rf6+ Ke7 41. Rxf5 Nd3 42. Rd5 Nf4 43. Bc5+ Ke6 44. Rd6+ Ke5 45. Rxh6 Rxg2+ 46. Kh1 Rc2 47. Bd6+ Kf5 48. Rh8 e3 49. Re8 e2 50. Bb4 Nd3 51. Ba5 Rc1+ 52. Kg2 e1Q 53. Bxe1 Rxe1 54. Rd8 Re2+ 55. Kg3 Re3+ 56. Kh2 Nf4 57. Rf8+ Ke4 58. Rh8 Kf3 59. Rg8 Re2+ 60. Kh1 Nxh3 61. Rf8+ Kg3 62. Rf3+ Kg4 63. Rg3+ Kh4 64. Rg4+ Kh5 65. Rh4+ Kxh4 1/2-1/2

[Event "RUS-chT Blitz"]
[Site "Sochi"]
[Date "2022.10.17"]
[Round "5.11"]
[White "Pershin, Denis"]
[Black "Timofeev, Artyom"]
[Result "0-1"]
[WhiteElo "2388"]
[BlackElo "2567"]
[PlyCount "144"]
[EventDate "2022.10.17"]
[EventType "team-swiss (blitz)"]
[EventRounds "13"]
[EventCountry "RUS"]
[SourceTitle "CBM 210 Extra"]
[Source "ChessBase"]
[SourceDate "2022.11.30"]
[SourceVersion "1"]
[SourceVersionDate "2022.11.30"]
[SourceQuality "1"]
[WhiteTeam "St Petersburg SShOR"]
[BlackTeam "Tatarstan Ladya"]
[WhiteTeamCountry "RUS"]
[BlackTeamCountry "RUS"]

1. d4 Nf6 2. c4 g6 3. Nc3 d5 4. cxd5 Nxd5 5. e4 Nb6 6. Be3 Bg7 7. h3 0-0 8. Nf3 Nc6 9. Be2 e5 10. d5 Ne7 11. Nd2 Bd7 12. a4 Nbc8 13. a5 Nd6 14. 0-0 a6 15. Nc4 Nxc4 16. Bxc4 Nc8 17. b4 Nd6 18. Bd3 f5 19. f3 fxe4 20. fxe4 Rxf1+ 21. Qxf1 Qh4 22. Qf2 Qe7 23. Qd2 Rf8 24. Na4 Bxa4 25. Rxa4 Qh4 26. Bf2 Qh5 27. Be3 Qh4 28. Bf2 Nxe4 29. Bxh4 Nxd2 30. Ra2 Bh6 31. Be1 Be3+ 32. Kh1 Nb3 33. d6 Nc1 34. Bc4+ Kg7 35. Ra3 Bd4 36. Bd2 cxd6 37. b5 axb5 38. Bxb5 Rc8 39. Bd7 Rc2 40. Bg5 h6 41. Be7 Bc5 42. Ra1 Nb3 43. Rb1 Nxa5 44. Bd8 b6 45. Bxb6 Bxb6 46. Rxb6 Nc4 47. Rc6 d5 48. Be6 Ne3 49. Bxd5 Rxc6 50. Bxc6 Nf5 51. Kg1 Kf6 52. Kf2 Nd6 53. Kf3 g5 54. g3 Nf5 55. Bd7 h5 56. Bc8 Nd6 57. Bd7 e4+ 58. Kf2 h4 59. gxh4 gxh4 60. Bc6 Ke5 61. Bd7 Kf4 62. Be6 Nb5 63. Bc4 Nd4 64. Ba6 Ne6 65. Bc4 Ng5 66. Bf1 Nf3 67. Bg2 Nd4 68. Bh1 e3+ 69. Kg2 Nc2 70. Kf1 Nd4 71. Kg2 Ke4 72. Kf1+ Ke5 0-1

[Event "RUS-ch Rapid"]
[Site "Sochi"]
[Date "2022.10.15"]
[Round "3"]
[White "Pershin, Denis"]
[Black "Rozum, Ivan"]
[Result "0-1"]
[WhiteElo "2388"]
[BlackElo "2497"]
[PlyCount "100"]
[EventDate "2022.10.15"]
[EventType "swiss (rapid)"]
[EventRounds "11"]
[EventCountry "RUS"]
[SourceTitle "CBM 210 Extra"]
[Source "ChessBase"]
[SourceDate "2022.11.30"]
[SourceVersion "1"]
[SourceVersionDate "2022.11.30"]
[SourceQuality "1"]

1. d4 Nf6 2. c4 d6 3. Nf3 g6 4. Nc3 Bf5 5. g3 Bg7 6. Bg2 Ne4 7. Nxe4 Bxe4 8. 0-0 0-0 9. Re1 Nc6 10. Be3 d5 11. b3 a5 12. Rc1 e6 13. Qd2 Re8 14. Red1 Qe7 15. Ne1 Bxg2 16. Kxg2 a4 17. Nf3 axb3 18. axb3 Ra3 19. Qb2 Qb4 20. Nd2 Rea8 21. Ra1 R8a6 22. Rxa3 Rxa3 23. Ra1 Ra5 24. Nf3 Rxa1 25. Qxa1 Qa5 26. Qb2 h6 27. Bd2 Qa6 28. cxd5 exd5 29. Bc3 g5 30. g4 Na7 31. Qa1 Qxa1 32. Bxa1 c5 33. e3 Nc6 34. Kf1 Kf8 35. Ke2 Ke7 36. Kd3 b5 37. Nd2 Ke6 38. h3 f5 39. gxf5+ Kxf5 40. f3 cxd4 41. Nf1 Ne5+ 42. Ke2 d3+ 43. Kd1 Kg6 44. Bxe5 Bxe5 45. Kd2 Kh5 46. Kxd3 Kh4 47. e4 d4 48. f4 gxf4 49. Nh2 Kg3 50. Ng4 f3 0-1

[Event "RUS-ch Blitz"]
[Site "Sochi"]
[Date "2022.10.14"]
[Round "2"]
[White "Afanasiev, Nikita"]
[Black "Pershin, Denis"]
[Result "1-0"]
[WhiteElo "2569"]
[BlackElo "2388"]
[PlyCount "52"]
[EventDate "2022.10.14"]
[EventType "swiss (blitz)"]
[EventRounds "13"]
[EventCountry "RUS"]
[SourceTitle "CBM 210 Extra"]
[Source "ChessBase"]
[SourceDate "2022.11.30"]
[SourceVersion "1"]
[SourceVersionDate "2022.11.30"]
[SourceQuality "1"]

1. Nf3 Nf6 2. c4 e6 3. b3 d5 4. Bb2 Be7 5. cxd5 exd5 6. g3 0-0 7. Bg2 c6 8. 0-0 h6 9. d3 Bf5 10. Nbd2 Nbd7 11. Nd4 Bh7 12. e4 Nc5 13. Qc2 Nxd3 14. Qxd3 dxe4 15. Qe2 Bc5 16. Qc4 Bb6 17. b4 Qe7 18. Rfe1 Rfd8 19. N2b3 Nd5 20. a3 Rac8 21. Nc5 Nf6 22. Ndb3 Re8 23. Rad1 Bc7 24. Nxb7 Ng4 25. N7c5 e3 26. Qxg4 exf2+ 1-0

[Event "Titled Tuesday intern op 11th Oct Early"]
[Site "Chess.com INT"]
[Date "2022.10.11"]
[Round "2"]
[White "Aguilar, Juan"]
[Black "Pershin, Denis"]
[Result "0-1"]
[WhiteElo "2254"]
[BlackElo "2388"]
[PlyCount "120"]
[EventDate "2022.10.11"]
[EventType "swiss (blitz)"]
[EventRounds "11"]
[EventCountry "USA"]
[SourceTitle "EXT 2024"]
[Source "ChessBase"]
[SourceDate "2023.10.10"]
[SourceVersion "1"]
[SourceVersionDate "2023.10.10"]
[SourceQuality "1"]

1. d4 d5 2. c4 dxc4 3. e4 Nf6 4. Nc3 e5 5. Nf3 exd4 6. Qxd4 Qxd4 7. Nxd4 Bc5 8. Be3 c6 9. Bxc4 0-0 10. f3 Nbd7 11. 0-0 Ne5 12. Be2 Re8 13. Rfd1 Bd7 14. Rac1 Rad8 15. Na4 Bf8 16. Nc5 Bc8 17. Ndb3 b6 18. Nd3 Nxd3 19. Rxd3 c5 20. Rxd8 Rxd8 21. Nd2 Ne8 22. Nc4 Nc7 23. a4 Ne6 24. a5 b5 25. Ne5 a6 26. f4 c4 27. f5 Nd4 28. Kf2 Nb3 29. Rd1 Rxd1 30. Bxd1 Nxa5 31. Bb6 Nb7 32. Nc6 f6 33. Kf3 Bd6 34. Bc2 Kf7 35. h4 Bd7 36. Nd4 Be5 37. g4 h6 38. g5 hxg5 39. hxg5 fxg5 40. Ne2 Bxb2 41. Kg4 Bf6 42. Bd4 b4 43. e5 Be7 44. e6+ Bxe6 45. fxe6+ Kxe6 46. Bf5+ Kd5 47. Bxg7 Nd6 48. Bb1 c3 49. Kf3 Kc4 50. Ba2+ b3 51. Nxc3 bxa2 52. Nxa2 Kb3 53. Nc1+ Kc2 54. Ne2 Nb5 55. Ng3 a5 56. Kg4 a4 57. Ne4 a3 58. Nxg5 Bxg5 59. Kxg5 Nc3 60. Kg6 a2 0-1

[Event "Titled Tuesday intern op 28th Jun Late"]
[Site "Chess.com INT"]
[Date "2022.06.28"]
[Round "3"]
[White "Bortnyk, Mykola"]
[Black "Pershin, Denis"]
[Result "0-1"]
[WhiteElo "2465"]
[BlackElo "2394"]
[PlyCount "104"]
[EventDate "2022.06.28"]
[EventType "swiss (blitz)"]
[EventRounds "11"]
[EventCountry "USA"]
[SourceTitle "CBM 209 Extra"]
[Source "ChessBase"]
[SourceDate "2022.09.30"]
[SourceVersion "1"]
[SourceVersionDate "2022.09.30"]
[SourceQuality "1"]

1. e4 c6 2. d4 d5 3. Bd3 dxe4 4. Bxe4 Nf6 5. Bf3 Bf5 6. Ne2 e6 7. 0-0 Nbd7 8. c4 Bd6 9. Nbc3 0-0 10. Bf4 Bxf4 11. Nxf4 h6 12. Re1 Qc7 13. Nfe2 Rad8 14. Ng3 Bh7 15. Qe2 Rfe8 16. Rad1 e5 17. dxe5 Rxe5 18. Qd2 Nf8 19. Qxd8 Rxe1+ 20. Nf1 Qxd8 21. Rxd8 N6d7 22. Be2 Rc1 23. Ra8 Rc2 24. Rxa7 Rxb2 25. Ne3 g5 26. g3 Nc5 27. Bg4 Nfe6 28. Bxe6 Nxe6 29. Ncd1 Rd2 30. Rxb7 Rxa2 31. Rb6 Be4 32. h4 Nd4 33. hxg5 hxg5 34. g4 Bf3 35. Rb8+ Kg7 36. Rd8 c5 37. Kh2 Bxd1 38. Nxd1 Rd2 39. Ne3 Nf3+ 40. Kg3 Rxd8 41. Kxf3 Kf6 42. Ke4 Rd4+ 43. Kf3 Ke5 44. Kg3 Rd3 45. Kf3 Kd4 46. Ke2 Rxe3+ 47. fxe3+ Kxc4 48. Kd2 Kd5 49. Kd3 c4+ 50. Kc3 Ke4 51. Kxc4 Kxe3 52. Kd5 Kf4 0-1

[Event "Titled Tuesday intern op 28th Jun Late"]
[Site "Chess.com INT"]
[Date "2022.06.28"]
[Round "9"]
[White "Pershin, Denis"]
[Black "Ambartsumova, Karina"]
[Result "1-0"]
[WhiteElo "2394"]
[BlackElo "2386"]
[PlyCount "61"]
[EventDate "2022.06.28"]
[EventType "swiss (blitz)"]
[EventRounds "11"]
[EventCountry "USA"]
[SourceTitle "CBM 209 Extra"]
[Source "ChessBase"]
[SourceDate "2022.09.30"]
[SourceVersion "1"]
[SourceVersionDate "2022.09.30"]
[SourceQuality "1"]

1. d4 Nf6 2. c4 e6 3. Nc3 d5 4. cxd5 exd5 5. Bg5 c6 6. Qc2 Nbd7 7. e3 Be7 8. Bd3 h6 9. Bh4 Nh5 10. Bxe7 Qxe7 11. Nge2 Nb6 12. 0-0 0-0 13. Rae1 Re8 14. Ng3 Nxg3 15. hxg3 Qg5 16. e4 dxe4 17. Nxe4 Qd8 18. Nd6 Rxe1 19. Rxe1 Be6 20. Bh7+ Kh8 21. Rxe6 Qd7 22. Qf5 Rf8 23. Bg6 f6 24. Be8 Qc7 25. Qg6 Nd5 26. Nf7+ Kg8 27. Nxh6+ Kh8 28. Nf7+ Kg8 29. Qh5 Rxf7 30. Bxf7+ Qxf7 31. Re8+ 1-0

[Event "Titled Tuesday intern op 28th Jun Late"]
[Site "Chess.com INT"]
[Date "2022.06.28"]
[Round "8"]
[White "Terry, Renato"]
[Black "Pershin, Denis"]
[Result "1-0"]
[WhiteElo "2502"]
[BlackElo "2394"]
[PlyCount "45"]
[EventDate "2022.06.28"]
[EventType "swiss (blitz)"]
[EventRounds "11"]
[EventCountry "USA"]
[SourceTitle "CBM 209 Extra"]
[Source "ChessBase"]
[SourceDate "2022.09.30"]
[SourceVersion "1"]
[SourceVersionDate "2022.09.30"]
[SourceQuality "1"]

1. d4 Nf6 2. Bg5 d5 3. Bxf6 exf6 4. e3 Bd6 5. c4 dxc4 6. Bxc4 0-0 7. Nc3 c6 8. Nf3 Bg4 9. Qc2 Nd7 10. h3 Bh5 11. Nh4 Kh8 12. g4 Bg6 13. Nxg6+ hxg6 14. h4 b5 15. Bb3 a5 16. a4 Qe7 17. g5 c5 18. h5 c4 19. hxg6+ Kg8 20. Ba2 Bb4 21. axb5 Nb6 22. Qf5 fxg5 23. Rh8+ 1-0

[Event "Titled Tuesday intern op 07th Jun Late"]
[Site "Chess.com INT"]
[Date "2022.06.07"]
[Round "3"]
[White "Le Goff, Ronan"]
[Black "Pershin, Denis"]
[Result "1-0"]
[WhiteElo "2309"]
[BlackElo "2394"]
[PlyCount "83"]
[EventDate "2022.06.07"]
[EventType "swiss (blitz)"]
[EventRounds "11"]
[EventCountry "USA"]
[SourceTitle "CBM 208 Extra"]
[Source "ChessBase"]
[SourceDate "2022.07.31"]
[SourceVersion "1"]
[SourceVersionDate "2022.07.31"]
[SourceQuality "1"]

1. d4 Nf6 2. Bf4 g6 3. Nc3 Bg7 4. e4 d6 5. Qd2 c6 6. f3 0-0 7. 0-0-0 b5 8. Kb1 b4 9. Nce2 Qa5 10. Bh6 c5 11. Bxg7 Kxg7 12. h4 h5 13. g4 Nc6 14. d5 Ne5 15. Nf4 Rh8 16. gxh5 Nxh5 17. Nxh5+ Rxh5 18. f4 Ng4 19. Be2 Bd7 20. Bxg4 Bxg4 21. Ne2 Rah8 22. Rdg1 Bxe2 23. Qxe2 Rxh4 24. Rxh4 Rxh4 25. f5 Qd8 26. Qg2 Rh6 27. b3 Qh8 28. Qg5 Kf8 29. Qg4 Qe5 30. fxg6 Rxg6 31. Qc8+ Kg7 32. Re1 Rg2 33. Qh3 Qg3 34. Qh1 Qf2 35. Rc1 c4 36. bxc4 a5 37. e5 a4 38. exd6 exd6 39. Qh3 a3 40. Qb3 Qd2 41. Qf3 Kf8 42. Qf5 1-0